|
|
|
|
| LEADER |
00863nam a2200229 a 4500 |
| 001 |
2472690 |
| 008 |
091208s1991 maua b 001 0 eng d |
| 010 |
|
|
|a 90083021
|
| 020 |
|
|
|a 039548278X
|
| 040 |
|
|
|a InTR
|c InTR
|d OCoLC
|d OU
|d DLC
|d BD-DhAAL
|
| 082 |
0 |
0 |
|a 330
|2 20
|
| 100 |
1 |
|
|a Boyes, William J.
|
| 245 |
1 |
0 |
|a Economics /
|c William Boyes, Michael Melvin.
|
| 260 |
|
|
|a Boston :
|b Houghton Mifflin,
|c c1991.
|
| 300 |
|
|
|a xxix, 1045, [39] p. :
|b col. ill. ;
|c 26 cm.
|
| 504 |
|
|
|a Includes bibliographical references.
|
| 541 |
1 |
|
|e 00008269
|
| 650 |
|
0 |
|a Economics.
|
| 700 |
1 |
|
|a Melvin, Michael,
|d 1948-
|
| 852 |
4 |
|
|a Ayesha Abed Library
|j General Shelf.
|
| 999 |
|
|
|c 6101
|d 6101
|
| 952 |
|
|
|0 0
|1 0
|2 ddc
|4 0
|6 330_BOY_199100000000000
|7 0
|9 6088
|a BRACUL
|b BRACUL
|c GEN
|d 2009-12-15
|g 0.00
|l 0
|o 330 BOY
|p 3010008269
|r 2012-12-05
|t 1
|w 2009-12-15
|y BK
|x No price found in the accession register.
|